Score 0/14 Timer 04:00
0 Plays Today
Language % Correct
French
96.7%
English
95%
Spanish
93.3%
German
91.7%
Japanese
90%
Italian
88.3%
Chinese
85%
Language % Correct
Arabic
81.7%
Portuguese
80%
Dutch
80%
Hindi
73.3%
Greek
70%
Danish
45%
Ukrainian
26.7%
Remove Ads.
Support Sporcle.
Get the best of Sporcle when you Go Orange. This ad-free experience offers more features, more stats, and more fun while also helping to support Sporcle. Thank you for becoming a member.

You're not logged in!

Compare scores with friends on all Sporcle quizzes.
OR
Log In

Show Comments

Extras

Top Quizzes Today


Score Distribution

Your Account Isn't Verified!

In order to create a playlist on Sporcle, you need to verify the email address you used during registration. Go to your Sporcle Settings to finish the process.

Report this User

Report this user for behavior that violates our Community Guidelines.

Details: